00542nam a22001697a 450000500170000001000140001702000260003103500130005703700130007008200110008310000180009424500970011226000550020927000690026430000210033350000180035420100724124234.0 aENG-96556 a9788189937591c650.00 aEN-80089 bDBAD/PUB a345.08 aParmar, T. C. aDelinquency among children:bwith special reference to the juvenile court /cby T. C. Parmar aNew DelhibArise Publishers and Distributorsc2008 a4648/1, 21, Ansari Road, Darya Ganj, New Delhi-110002bNew Delhi a256p.c23cm (Hb) aInclude index